Perspektívy štúdia a výskumu v spoločenských vedách (zborník z konferencie doktorandov a mladých vedeckých pracovníkov - Trnava, 14. november 2003)

Bibliographic Details
Other Authors: Lenč, Jozef, 1979- (Editor)
Format: Book
Language:Slovak
PhysicalDescription:207 s. tab. 21 cm
Published: Trnava Univerzita sv. Cyrila a Metoda 2004
ISBN:8089034519
Edition:[1. vyd.]
Subjects:

MARC

LEADER 00000cam a2200000 a 4500
001 vtls001474152
003 SK-MaSNL
005 20260301122054.0
008 160429s2004 xo f 10000 slo
015 |a SNBA2004/07-04126 
020 |a 8089034519 
035 |a SNK000429454 
035 |a urn:nbn:sk:snk-amkot1 
035 |a urn:nbn:sk:snk-am008dvb 
035 |a 58901B04-75F1-4448-B560-AEBB4575D74A 
040 |a SNK  |b slo  |c SNK  |e AACR2 
041 0 |a slo 
044 |a xo  |c SK 
072 7 |a 3  |2 konspekt 
080 |a 3(082)=162.4=162.3  |2 1981 
080 |a 3  |2 1981 
080 |a 371.3  |2 1981 
080 |a 001.891  |2 1981 
080 |a (063)  |2 1981 
245 0 0 |a Perspektívy štúdia a výskumu v spoločenských vedách  |b (zborník z konferencie doktorandov a mladých vedeckých pracovníkov - Trnava, 14. november 2003)  |c editori: Lenč, Jozef ... [et al.] 
250 |a [1. vyd.] 
260 |a Trnava  |b Univerzita sv. Cyrila a Metoda  |c 2004 
300 |a 207 s.  |b tab.  |c 21 cm 
500 |a Res. angl. 
500 |a Čiast. text čes. 
500 |a Súbež. obs. a úvod angl. 
500 |a Vydavteľstvo uvedené podľa ISBN 
500 |a Zozn. aut. príspevkov 
504 |a Bibliogr. odkazy 
650 0 7 |a spoločenské vedy  |2 SNKPH  |9 70105 
650 0 7 |a štúdium a výučba  |2 SNKPH  |9 3982 
650 0 7 |a vedecký výskum  |2 SNKPH  |9 4237 
655 7 |a zborníky konferencií  |2 SNKPH  |9 70153 
700 1 |a Lenč, Jozef,  |d 1979-  |4 edt  |9 205474 
919 |a 80-89034-51-9 
958 |a NB 
958 |a OND 
968 |d 32 
999 |c 731541  |d 733471 
952 |t P60, <03>, [BOOK], {603}  |a SNK  |b SNK  |y PREZ  |7 0  |p 17A0426724  |o snkSC 115633  |i snkKSP 6004/2004  |0 0  |1 0  |4 0  |d 2004-04-30  |f 1  |l 0  |r 2025-10-03 00:00:00  |w 2026-02-23 
952 |t P60, <04>, [BOOK], {604}  |a SNK  |b SNK  |y VYP  |7 0  |p 17A0426723  |o snkSC 115633 D1  |i snkKSP 6005/2004  |0 0  |1 0  |4 0  |d 2004-04-30  |l 0  |r 2005-01-02 00:00:00  |w 2026-02-23